[Event "Eynatten 2 - Anderlecht"]
[Site "Anderlecht"]
[Date "2013.02.17"]
[Round "9.8"]
[White "Lysander, Hans"]
[Black "Van Overdam, Jan"]
[Result "0-1"]
[WhiteElo "1821"]
[BlackElo "2150"]
[PlyCount "55"]
[EventDate "2013.??.??"]

1. e4 c5 2. c3 g6 3. d4 cxd4 4. cxd4 d5 5. exd5 Nf6 6. Nc3 Bg7 7. Bc4 O-O 8.
Nf3 Nbd7 9. Bf4 Nb6 10. Bb3 Nfxd5 11. Bg3 Bg4 12. Qd2 Bxf3 13. gxf3 Qd7 14. O-O
Rfd8 15. Ne2 Qf5 16. Kg2 h5 17. h4 Kh7 18. Bc2 Qd7 19. Qg5 Bh6 20. Qe5 Nc4 21.
Qe4 Nd2 22. Qd3 Nxf1 23. Rxf1 Nb4 24. Qb3 Nxc2 25. Qxc2 Rac8 26. Qb3 Qd5 27.
Rd1 Bg7 28. Nc3 0-1

[Event "Eynatten 2 - Anderlecht"]
[Site "?"]
[Date "2013.02.17"]
[Round "9.7"]
[White "Dorr, Yannick"]
[Black "Van Overdam, Julian"]
[Result "0-1"]
[WhiteElo "1930"]
[BlackElo "2285"]
[PlyCount "66"]
[EventDate "2013.02.17"]

1. e4 c5 2. Nf3 d6 3. d4 cxd4 4. Nxd4 Nf6 5. Nc3 e6 6. Bg5 Be7 7. Bc4 h6 8. Be3
O-O 9. f3 d5 10. exd5 exd5 11. Bb3 Bb4 12. Qd3 Qa5 13. Nde2 Nc6 14. O-O-O Rd8
15. Nb1 Bd7 16. Bd4 Nxd4 17. Nxd4 Rac8 18. g4 Bd6 19. Nc3 Bb4 20. Nb1 Qc7 21.
h4 a5 22. c3 Qf4+ 23. Nd2 Re8 24. Rde1 Rxe1+ 25. Rxe1 Bc5 26. Bc2 Qg3 27. Rh1
Re8 28. Qf1 Qf4 29. Qg1 Re3 30. g5 Nh5 31. Qh2 Bxd4 32. cxd4 Ng3 33. gxh6 Re2
0-1

[Event "Eynatten 2 - Anderlecht"]
[Site "Anderlecht"]
[Date "2013.02.17"]
[Round "9.4"]
[White "Gurevich, Mikhail"]
[Black "Beeckmans, Félix"]
[Result "0-1"]
[WhiteElo "1982"]
[BlackElo "2310"]
[PlyCount "96"]
[EventDate "2013.??.??"]

1. e4 c5 2. Nc3 Nc6 3. Nf3 g6 4. d4 cxd4 5. Nxd4 Bg7 6. Be3 Nf6 7. g3 O-O 8.
Bg2 a6 9. O-O Rb8 10. f4 d5 11. Nxc6 bxc6 12. e5 Nd7 13. Na4 e6 14. Qd2 Re8 15.
Rac1 c5 16. Nxc5 Rxb2 17. a4 Nxc5 18. Bxc5 Qc7 19. Qc3 Ra2 20. Ra1 Rxa1 21.
Rxa1 Bd7 22. Bd4 Qxc3 23. Bxc3 Rc8 24. Be1 Rxc2 25. Bf1 Bc8 26. Rb1 Bf8 27. Bd3
Rc6 28. Rb8 Kg7 29. g4 h6 30. Bh4 Bc5+ 31. Kf1 f5 32. exf6+ Kf7 33. Ra8 Bd6 34.
Bg3 Kxf6 35. g5+ Kg7 36. f5 Bxg3 37. f6+ Kf7 38. gxh6 Be5 39. Ra7+ Kxf6 40. Rg7
Kg5 41. Rxg6+ Kf4 42. Ke2 Rb6 43. Bc2 a5 44. Rg2 Ba6+ 45. Kd2 d4 46. Rf2+ Kg5
47. h7 d3 48. Bxd3 Rd6 0-1

[Event "Eynatten 2 - Anderlecht"]
[Site "Anderlecht"]
[Date "2013.02.17"]
[Round "9.2"]
[White "Vanstreels, Luk"]
[Black "Grimberg, Boris"]
[Result "0-1"]
[WhiteElo "2122"]
[BlackElo "2400"]
[PlyCount "72"]
[EventDate "2013.??.??"]

1. d4 Nf6 2. Bg5 Ne4 3. Bf4 c5 4. f3 Qa5+ 5. c3 Nf6 6. Nd2 cxd4 7. Nb3 Qd8 8.
cxd4 d5 9. e3 e6 10. Bd3 Nc6 11. Bg5 Bb4+ 12. Nd2 O-O 13. f4 h6 14. Bh4 Be7 15.
Bxf6 Bxf6 16. Ngf3 Qb6 17. O-O Qxb2 18. Qe2 Qa3 19. Rab1 b6 20. g4 Qe7 21. h4
g6 22. h5 gxh5 23. Qh2 Nb4 24. Rxb4 Qxb4 25. Qxh5 Qc3 26. Ne1 Ba6 27. Nb1 Qc8
28. g5 Bxd3 29. gxf6 Kh7 30. Nxd3 Qc2 31. Ne5 Rg8+ 32. Ng4 Rxg4+ 33. Qxg4 Rg8
34. Qxg8+ Kxg8 35. Re1 h5 36. Na3 Qd3 0-1

[Event "Eynatten 2 - Amay"]
[Site "?"]
[Date "2013.02.03"]
[Round "8.7"]
[White "Loo, Bernd"]
[Black "Tan, Jonathan"]
[Result "0-1"]
[WhiteElo "1980"]
[BlackElo "2186"]
[PlyCount "40"]
[EventDate "2013.02.02"]

1. d3 d5 2. Nf3 Nf6 3. g3 Nc6 4. Bg2 e5 5. O-O Bg4 6. c3 Qd7 7. b4 Bd6 8. Re1
Qf5 9. Nbd2 e4 10. dxe4 dxe4 11. Nh4 Qe6 12. Nf1 Be5 13. Bd2 O-O-O 14. Qb3 Qxb3
15. axb3 Rxd2 16. Nxd2 Bxc3 17. Nxe4 Bxe1 18. Nxf6 Bc3 19. Nxg4 Bxa1 20. b5 Nd4
0-1

[Event "Eynatten 2 - Amay"]
[Site "?"]
[Date "2013.02.03"]
[Round "8.5"]
[White "Krüger, Andreas"]
[Black "Schut, Lisa"]
[Result "0-1"]
[WhiteElo "2149"]
[BlackElo "2295"]
[PlyCount "108"]
[EventDate "2013.02.02"]

1. Nf3 Nf6 2. g3 d5 3. Bg2 g6 4. b3 Bg7 5. Bb2 O-O 6. c4 c6 7. d3 Bg4 8. Nbd2
Nbd7 9. Qc2 a5 10. a3 Re8 11. h3 Bxf3 12. exf3 e5 13. O-O Qb6 14. Rfe1 Nh5 15.
Nf1 d4 16. Bc1 Nc5 17. Rb1 a4 18. b4 Nb3 19. Rxb3 axb3 20. Qxb3 Qc7 21. Bb2 Bh6
22. Re2 Rad8 23. c5 Qd7 24. Nd2 Bxd2 25. Rxd2 Nf6 26. Rc2 Qe6 27. Rc4 Nd5 28.
Qc2 f5 29. Kh2 f4 30. g4 h5 31. Kg1 Qf6 32. Qe2 Rf8 33. Kf1 hxg4 34. hxg4 Kf7
35. Ke1 Rh8 36. Kd1 Rh2 37. Qf1 Qh4 38. Rc2 Qf6 39. Kc1 Nc3 40. Kd2 Nd5 41. Kc1
Qe6 42. Rc4 Ra8 43. Kb1 Nc7 44. Qe1 Nb5 45. Qg1 Rhh8 46. Kc2 Ra6 47. Kb3 Rha8
48. Qh2 Kg8 49. g5 Nxa3 50. Bh3 Qf7 51. Bg4 Nxc4 52. dxc4 b5 53. cxb6 Rxb6 54.
Qh3 c5 0-1

[Event "Eynatten 2 - Amay"]
[Site "?"]
[Date "2013.02.03"]
[Round "8.1"]
[White "Becker, Marcel"]
[Black "Zaragatski, Ilja"]
[Result "1/2-1/2"]
[WhiteElo "2461"]
[BlackElo "2404"]
[PlyCount "38"]
[EventDate "2013.02.02"]

1. d4 e6 2. c4 Bb4+ 3. Bd2 a5 4. Nc3 Nf6 5. Nf3 O-O 6. e3 d6 7. a3 Bxc3 8. Bxc3
Ne4 9. Qc2 Nxc3 10. Qxc3 Qe7 11. Rc1 c5 12. dxc5 dxc5 13. Bd3 Nd7 14. O-O b6
15. Rfd1 Nf6 16. Bc2 Bb7 17. Ne5 Rfd8 18. f3 Rxd1+ 19. Rxd1 Rd8 1/2-1/2

[Event "Eynatten 1 - Zottegem"]
[Site "?"]
[Date "2013.02.03"]
[Round "8.7"]
[White "Coenen, Norbert"]
[Black "De Herdt, Yasseen"]
[Result "1-0"]
[WhiteElo "2357"]
[BlackElo "2096"]
[PlyCount "131"]
[EventDate "2013.02.02"]

1. e4 c5 2. Nf3 d6 3. Bc4 Nf6 4. d3 Nc6 5. c3 e6 6. Bb3 Be7 7. O-O d5 8. e5 Ng4
9. d4 Nh6 10. Re1 Nf5 11. Bc2 O-O 12. Qd3 c4 13. Qe2 a6 14. Nbd2 b5 15. Nf1 b4
16. Ng3 bxc3 17. bxc3 Rb8 18. Bxf5 exf5 19. Qc2 g6 20. Bh6 Re8 21. Qd2 Be6 22.
Bg5 Bxg5 23. Nxg5 Rb5 24. Qf4 Kg7 25. h4 h6 26. Nh3 Ne7 27. Re3 Qd7 28. Ne2 Kh7
29. Qg3 Qb7 30. Nef4 Rb1+ 31. Rxb1 Qxb1+ 32. Kh2 Rg8 33. Qf3 Qb6 34. Qd1 Qc6
35. Qb1 Qb5 36. Qc1 Qc6 37. Re2 Rb8 38. Rb2 Rb6 39. Rxb6 Qxb6 40. Qa3 Ng8 41.
Qd6 Qxd6 42. exd6 Nf6 43. Nxe6 fxe6 44. Nf4 Kg7 45. Nxe6+ Kf7 46. Nc7 Ne4 47.
Nxd5 Ke6 48. f3 Nd2 49. Nf4+ Kxd6 50. Kg3 g5 51. Ne2 Ke6 52. hxg5 hxg5 53. Kf2
Kd5 54. Ke1 Nb1 55. a4 g4 56. Kd1 gxf3 57. gxf3 Nxc3+ 58. Nxc3+ Kxd4 59. Kd2
Kc5 60. Ne2 Kb4 61. Nd4 f4 62. Kc2 c3 63. Ne2 Kc4 64. Nxf4 Kd4 65. Ne2+ Ke3 66.
f4 1-0

[Event "Eynatten 1 - Zottegem"]
[Site "?"]
[Date "2013.02.03"]
[Round "8.5"]
[White "Sielicki, Christof"]
[Black "Ghysels, Marc"]
[Result "1-0"]
[WhiteElo "2412"]
[BlackElo "2146"]
[PlyCount "147"]
[EventDate "2013.02.02"]

1. Nf3 c5 2. e4 g6 3. d4 cxd4 4. Nxd4 Bg7 5. c4 Nf6 6. Nc3 Nc6 7. Be3 O-O 8.
Be2 d6 9. O-O Bd7 10. Nc2 Rc8 11. f3 b6 12. Qd2 Na5 13. b3 Qc7 14. Rac1 Bc6 15.
b4 Nb7 16. Nd5 Bxd5 17. cxd5 Qc3 18. Ba6 Qxd2 19. Bxd2 Rb8 20. Be3 Ne8 21. Nd4
Bxd4 22. Bxd4 e5 23. dxe6 fxe6 24. Bc4 Nd8 25. f4 Kf7 26. f5 Ke7 27. Be3 gxf5
28. Bg5+ Nf6 29. exf5 e5 30. Bb5 Rb7 31. Ba6 Kd7 32. Bxb7 Nxb7 33. Bxf6 Rxf6
34. g4 h6 35. h4 d5 36. g5 hxg5 37. hxg5 Rf8 38. Rcd1 d4 39. Rde1 Kd6 40. g6
Rg8 41. Kh2 Nd8 42. f6 Rxg6 43. f7 Rh6+ 44. Kg3 Rg6+ 45. Kh4 Nxf7 46. Rxf7 Re6
47. Kg3 Kd5 48. Rd7+ Kc4 49. Kf3 Kd3 50. Rd1+ Kc2 51. Ke2 Rh6 52. Rc7+ Kb2 53.
Rxa7 Rh2+ 54. Kd3 Rh3+ 55. Ke2 Rh2+ 56. Kf3 Rh3+ 57. Kf2 d3 58. Rc7 e4 59. Kg2
Rh8 60. Rc4 Re8 61. Kf2 e3+ 62. Ke1 b5 63. Rc5 d2+ 64. Ke2 Kxa2 65. Rxb5 Kb3
66. Rd5 Kc2 67. Rc5+ Kb3 68. b5 Kb4 69. Rh5 Kc3 70. b6 Kd4 71. b7 Rg8 72. Rh4+
Kc3 73. Kxe3 Re8+ 74. Re4 1-0

[Event "Eynatten 1 - Zottegem"]
[Site "?"]
[Date "2013.02.03"]
[Round "8.3"]
[White "Trella, Thomas"]
[Black "Roos, Adrian"]
[Result "1-0"]
[WhiteElo "2429"]
[BlackElo "2254"]
[PlyCount "79"]
[EventDate "2013.02.02"]

1. c4 Nf6 2. g3 e6 3. Bg2 d5 4. Nf3 Be7 5. d4 O-O 6. Qc2 dxc4 7. Nbd2 b5 8. a4
b4 9. Nxc4 Bb7 10. O-O Be4 11. Qb3 Bd5 12. Rd1 c5 13. Bf4 Nc6 14. dxc5 Bxc5 15.
Nfe5 Nd4 16. Qd3 Bxg2 17. Kxg2 Qd5+ 18. f3 Rfd8 19. e3 Nf5 20. e4 Qxd3 21. Nxd3
e5 22. Bxe5 Ne3+ 23. Nxe3 Bxe3 24. Nxb4 Rd2+ 25. Rxd2 Bxd2 26. Nc6 Nd7 27. Bd4
Nb6 28. Bxb6 axb6 29. Rd1 Bg5 30. f4 Bh6 31. Rd8+ Rxd8 32. Nxd8 Kf8 33. Nc6 g6
34. Kf3 Bg7 35. e5 Ke8 36. Ke4 Kd7 37. Kd5 Bf8 38. b4 h5 39. a5 bxa5 40. bxa5
1-0

[Event "Eynatten 1 - Zottegem"]
[Site "?"]
[Date "2013.02.03"]
[Round "8.1"]
[White "Sulskis, Sarunas"]
[Black "De Schampheleire, Glen"]
[Result "1-0"]
[WhiteElo "2572"]
[BlackElo "2311"]
[PlyCount "61"]
[EventDate "2013.02.02"]

1. e4 c6 2. d4 d5 3. e5 Bf5 4. Nd2 e6 5. Nb3 Nd7 6. Nf3 Ne7 7. Be2 Nc8 8. O-O
Be7 9. a4 O-O 10. a5 a6 11. Re1 Na7 12. h3 Qc7 13. Bg5 Bxg5 14. Nxg5 h6 15. Nf3
c5 16. dxc5 Nxc5 17. Nxc5 Qxc5 18. Nd4 Nc6 19. Nxf5 exf5 20. Bf3 Rad8 21. e6
fxe6 22. Rxe6 Nd4 23. Re3 Nxf3+ 24. Rxf3 d4 25. Qd3 Rd5 26. Re1 Qxa5 27. Re7
Qb5 28. c4 Qb4 29. Qe2 Rd6 30. Rxg7+ Kxg7 31. Qe7+ 1-0

[Event "Eynatten 1 - Wirtzfeld "]
[Site "?"]
[Date "2012.11.18"]
[Round "4.5"]
[White "Polaczek, Richard"]
[Black "Rotstein, Arkady"]
[Result "1/2-1/2"]
[WhiteElo "2426"]
[BlackElo "2510"]
[PlyCount "126"]
[EventDate "2012.??.??"]

1. d4 Nf6 2. Nf3 e6 3. c4 d5 4. Nc3 c6 5. e3 Nbd7 6. Bd3 dxc4 7. Bxc4 b5 8. Bd3
Bb7 9. a3 b4 10. axb4 Bxb4 11. O-O c5 12. Na2 O-O 13. Nxb4 cxb4 14. Qe2 Ne4 15.
Nd2 Nxd2 16. Bxd2 a5 17. Rfc1 e5 18. Bf5 exd4 19. Qb5 Nb6 20. Rxa5 dxe3 21.
Bxe3 Nd5 22. Rxa8 Qxa8 23. Be4 Rb8 24. Qd3 Nxe3 25. Bxb7 Qxb7 26. Qxe3 g6 27.
h4 Qd5 28. Qf4 Rb6 29. Rc4 b3 30. Rd4 Qe6 31. Re4 Qd5 32. Rd4 Qe6 33. Re4 Qd5
34. Rd4 Qe6 35. Rd8+ Kg7 36. Qd4+ Qf6 37. Qxf6+ Kxf6 38. Rd3 Ke5 39. Kf1 f5 40.
Ke2 Ke4 41. Kd2 f4 42. f3+ Kf5 43. Kc3 h6 44. Rd5+ Kf6 45. Kc4 Re6 46. Kc3 g5
47. hxg5+ hxg5 48. Kd2 Kg6 49. Rd8 Rc6 50. Kd1 Rc5 51. Rg8+ Kf5 52. Rb8 Rc2 53.
Rxb3 Rxg2 54. Ke1 Rc2 55. Rb5+ Kg6 56. Rb8 Kf5 57. Rb5+ Kf6 58. b4 Rb2 59. Kf1
Kg6 60. Rb8 Kh5 61. Rh8+ Kg6 62. Rb8 Kh5 63. Rh8+ Kg6 1/2-1/2

[Event "Eynatten 1 - Wirtzfeld"]
[Site "?"]
[Date "2012.11.18"]
[Round "4.7"]
[White "Skulener, Wladimir"]
[Black "Ris, Robert"]
[Result "1/2-1/2"]
[WhiteElo "2265"]
[BlackElo "2415"]
[PlyCount "40"]
[EventDate "2012.??.??"]

1. d4 Nf6 2. c4 c5 3. Nf3 cxd4 4. Nxd4 e5 5. Nb5 d5 6. cxd5 Bc5 7. N5c3 O-O 8.
g3 Qb6 9. e3 e4 10. h3 Re8 11. Bg2 Bf5 12. a3 Nbd7 13. O-O Bd6 14. Nd2 Rac8 15.
g4 Bg6 16. g5 Bb8 17. gxf6 Qd6 18. f4 exf3 19. Nxf3 Nxf6 20. Bd2 a6 1/2-1/2

[Event "Eynatten 1 - Wirtzfeld"]
[Site "?"]
[Date "2012.11.18"]
[Round "4.3"]
[White "Drabke, Lorenz Maximilian"]
[Black "Istratescu, Andrey"]
[Result "1/2-1/2"]
[WhiteElo "2431"]
[BlackElo "2641"]
[PlyCount "57"]
[EventDate "2012.??.??"]

1. e4 c5 2. Nf3 e6 3. c4 Nc6 4. Nc3 Nf6 5. Be2 Qb6 6. O-O Be7 7. d3 O-O 8. Ng5
h6 9. Nh3 d6 10. f4 Nd4 11. g4 Nd7 12. Bf3 Qd8 13. Bg2 Rb8 14. Be3 b5 15. b3
Bf6 16. Rc1 Qa5 17. g5 hxg5 18. Nxg5 b4 19. Ne2 e5 20. fxe5 Nxe5 21. Nxd4 cxd4
22. Rxf6 Bg4 23. Qe1 gxf6 24. Qh4 fxg5 25. Qxg5+ Kh7 26. Qh6+ Kg8 27. Qg5+ Kh7
28. Qh4+ Kg8 29. Qg5+ 1/2-1/2

[Event "Eynatten 1 - Wirtzfeld"]
[Site "?"]
[Date "2012.11.18"]
[Round "4.1"]
[White "Levin, Felix"]
[Black "Khenkin, Igor"]
[Result "1/2-1/2"]
[WhiteElo "2509"]
[BlackElo "2669"]
[PlyCount "35"]
[EventDate "2012.??.??"]

1. Nf3 d5 2. d4 Nf6 3. c4 e6 4. Nc3 Bb4 5. Bg5 h6 6. Bxf6 Qxf6 7. Qb3 c5 8.
cxd5 exd5 9. a3 Bxc3+ 10. Qxc3 Nd7 11. e3 O-O 12. Be2 b6 13. O-O Bb7 14. Rfc1
c4 15. a4 a6 16. b3 b5 17. axb5 axb5 18. Qb4 1/2-1/2

[Event "Eynatten 1 - Rochade"]
[Site "?"]
[Date "2012.12.02"]
[Round "5.8"]
[White "Zelbel, Patrick"]
[Black "Klein, Felix"]
[Result "1/2-1/2"]
[WhiteElo "2425"]
[BlackElo "2321"]
[PlyCount "43"]
[EventDate "2012.??.??"]

1. e4 c5 2. c3 Nf6 3. e5 Nd5 4. d4 cxd4 5. Nf3 e6 6. cxd4 d6 7. Bc4 Nc6 8. O-O
Be7 9. exd6 Qxd6 10. Nc3 O-O 11. Re1 Rd8 12. Bb3 Bd7 13. Nxd5 exd5 14. Ne5 Be6
15. Bf4 Qb4 16. a3 Qb6 17. Ba4 Nxe5 18. Bxe5 Rac8 19. Qd2 f6 20. Bf4 Bf8 21. b4
Bf5 22. Rac1 1/2-1/2

[Event "Eynatten 1 - Rochade"]
[Site "?"]
[Date "2012.12.02"]
[Round "5.4"]
[White "Roeder, Mathias"]
[Black "Glek, Igor"]
[Result "0-1"]
[WhiteElo "2465"]
[BlackElo "2435"]
[PlyCount "74"]
[EventDate "2012.??.??"]

1. Nf3 d6 2. d4 Nf6 3. c4 g6 4. Nc3 Bf5 5. Bg5 Bg7 6. e3 Ne4 7. Nxe4 Bxe4 8.
Bd3 Bxd3 9. Qxd3 Nd7 10. O-O h6 11. Bh4 O-O 12. Rad1 c5 13. b4 cxb4 14. Rb1 Re8
15. Rxb4 Qc7 16. Rfb1 b6 17. Nd2 Rac8 18. Bg3 e5 19. a4 Nb8 20. Rb5 Nc6 21. c5
dxc5 22. dxc5 Red8 23. Qe2 bxc5 24. Rxc5 Qd7 25. Nc4 Qe6 26. h3 Ne7 27. Rxc8
Rxc8 28. Rc1 Qa6 29. Qf1 Rc5 30. e4 Qxa4 31. Nd6 Qc6 32. Rd1 a5 33. f4 exf4 34.
Bxf4 f5 35. exf5 Nxf5 36. Qe2 Rc2 37. Nxf5 Rxe2 0-1

[Event "Eynatten 1 - KGSRL"]
[Site "KGSRL"]
[Date "2013.02.17"]
[Round "9.8"]
[White "Skulener, Vladimir"]
[Black "Vanheirzeele, Daniel"]
[Result "1-0"]
[WhiteElo "2365"]
[BlackElo "2162"]
[PlyCount "73"]
[EventDate "2013.??.??"]

1. d4 Nf6 2. c4 e6 3. Nf3 b6 4. g3 Ba6 5. Qc2 Nc6 6. e4 Bb7 7. Nc3 Bb4 8. Bd3
Bd6 9. a3 e5 10. d5 Ne7 11. Nb5 Nc8 12. b4 c6 13. Nxd6+ Nxd6 14. Bb2 cxd5 15.
cxd5 Bxd5 16. exd5 e4 17. O-O Rc8 18. Qb1 exf3 19. Re1+ Kf8 20. Qd1 h5 21. Qxf3
h4 22. Ba6 Rc2 23. Be5 Nc4 24. Bd4 hxg3 25. hxg3 Nd2 26. Qf5 Rh5 27. Qxc2 Nf3+
28. Kg2 Nxd4 29. Qc4 Rxd5 30. Rac1 g6 31. Bb7 Rd6 32. Qc8 Qxc8 33. Rxc8+ Kg7
34. Rd1 Nb5 35. Rxd6 Nxd6 36. Rb8 Nfe4 37. Bxe4 1-0

[Event "Eynatten 1 - KGSRL"]
[Site "KGSRL"]
[Date "2013.02.17"]
[Round "9.6"]
[White "Braun, Christian"]
[Black "Ducarmon, Quinten"]
[Result "1/2-1/2"]
[WhiteElo "2430"]
[BlackElo "2382"]
[PlyCount "89"]
[EventDate "2013.??.??"]

1. e4 c6 2. d4 d5 3. Nd2 dxe4 4. Nxe4 Bf5 5. Ng3 Bg6 6. h4 h6 7. Nf3 Nd7 8. h5
Bh7 9. Bd3 Bxd3 10. Qxd3 e6 11. Bd2 Ngf6 12. O-O-O Be7 13. Kb1 O-O 14. Ne4 Nxe4
15. Qxe4 Nf6 16. Qe2 Qd5 17. Ne5 Qe4 18. Qxe4 Nxe4 19. Be3 Rfd8 20. g4 c5 21.
f3 cxd4 22. Bxd4 Bc5 23. Bxc5 Nxc5 24. Kc1 Kf8 25. Rh2 Rxd1+ 26. Kxd1 f6 27.
Ng6+ Ke8 28. Rd2 Rd8 29. Nf4 Rxd2+ 30. Kxd2 Ke7 31. Nd3 Nd7 32. c4 f5 33. gxf5
Nf6 34. Nf4 e5 35. Nd5+ Nxd5 36. cxd5 Kd6 37. Ke3 Kxd5 38. Kd3 a5 39. a4 Kc5
40. Ke4 Kd6 41. f4 exf4 42. Kxf4 Kd7 43. Ke4 Ke7 44. Ke5 Kf7 45. Ke4 1/2-1/2

[Event "Eynatten 1 - KGSRL"]
[Site "KGSRL"]
[Date "2013.02.17"]
[Round "9.4"]
[White "Dambacher, Martijn"]
[Black "Vandenbussche, Thibaut"]
[Result "0-1"]
[WhiteElo "2506"]
[BlackElo "2400"]
[PlyCount "88"]
[EventDate "2013.??.??"]

1. d4 d6 2. Nf3 g6 3. c4 Bg7 4. e4 e5 5. Nc3 Nd7 6. Be2 Ngf6 7. O-O O-O 8. Be3
Ng4 9. Bg5 Bf6 10. Bc1 Bg7 11. d5 a5 12. Ne1 Nh6 13. Nd3 f5 14. exf5 gxf5 15.
f4 e4 16. Nf2 Nc5 17. Be3 Bd7 18. Bd4 Qe7 19. Qd2 Kh8 20. Ncd1 Ng8 21. Bxg7+
Qxg7 22. Ne3 a4 23. Nh1 Rae8 24. Ng3 Nd3 25. Bxd3 Qd4 26. Ne2 Qxd3 27. Rfd1 Nf6
28. Nd4 Ng4 29. Qxd3 exd3 30. Nxg4 fxg4 31. g3 Re3 32. Re1 Rxe1+ 33. Rxe1 c5
34. dxc6 bxc6 35. Rd1 c5 36. Rxd3 cxd4 37. Rxd4 Rb8 38. Rxd6 Bf5 39. Rd2 Rb4
40. c5 Rc4 41. b3 axb3 42. axb3 Rxc5 43. Kf2 Rb5 44. Rb2 Rb4 0-1

[Event "Eynatten 1 - KGSRL"]
[Site "KGSRL"]
[Date "2013.02.17"]
[Round "9.2"]
[White "Swinkels, Robin"]
[Black "Michiels, Bart"]
[Result "1/2-1/2"]
[WhiteElo "2511"]
[BlackElo "2505"]
[PlyCount "55"]
[EventDate "2013.??.??"]

1. d4 Nf6 2. c4 e6 3. g3 Bb4+ 4. Bd2 Be7 5. Bg2 d5 6. Nf3 O-O 7. O-O c6 8. Qc2
Nbd7 9. Bf4 b6 10. Rd1 Bb7 11. Nc3 dxc4 12. Nd2 Nd5 13. Nxc4 Nxf4 14. gxf4 Qc7
15. e3 Rad8 16. a3 c5 17. d5 exd5 18. Nxd5 Bxd5 19. Rxd5 b5 20. Ne5 Nxe5 21.
Rxe5 Bd6 22. Rd5 Be7 23. Rad1 Rxd5 24. Rxd5 Rd8 25. Qf5 g6 26. Qe5 Qxe5 27.
Rxd8+ Bxd8 28. fxe5 1/2-1/2

[Event "Eynatten 1 - Eynatten 2"]
[Site "?"]
[Date "2012.09.23"]
[Round "1.8"]
[White "Raygrotzki, Norbert"]
[Black "Paulus, Werner"]
[Result "1-0"]
[WhiteElo "1944"]
[BlackElo "1645"]
[PlyCount "79"]
[EventDate "2012.??.??"]
[WhiteTeam "Eynatten 1"]
[BlackTeam "Eynatten 2"]
[WhiteTeamCountry "BEL"]
[BlackTeamCountry "BEL"]

1. c4 e5 2. g3 Nf6 3. Bg2 Bc5 4. Nc3 O-O 5. Nf3 Nc6 6. Nxe5 Nxe5 7. d4 Bxd4 8.
Qxd4 Nc6 9. Qf4 d6 10. O-O Be6 11. Rd1 Rb8 12. b3 Qd7 13. Nd5 Bxd5 14. cxd5 Ne7
15. Bb2 Ng6 16. Qd4 a6 17. Rac1 Ne8 18. e4 f6 19. f4 Rf7 20. h4 Qg4 21. Qf2 Qd7
22. Kh2 Qe7 23. h5 Nf8 24. Qa7 Qd8 25. a4 Nd7 26. Qe3 Qe7 27. Re1 h6 28. Bh3
Rd8 29. Be6 Nc5 30. Bxf7+ Qxf7 31. g4 Qd7 32. Kg3 c6 33. Ba3 cxd5 34. exd5 Nc7
35. Bxc5 dxc5 36. Qxc5 Nxd5 37. Rcd1 Qf7 38. Rd4 Rd7 39. Red1 Qe6 40. Rxd5 1-0

[Event "Eynatten 1 - Eynatten 2"]
[Site "?"]
[Date "2012.09.23"]
[Round "1.4"]
[White "Coenen, Norbert"]
[Black "Vanstreels, Luc"]
[Result "1-0"]
[WhiteElo "2357"]
[BlackElo "2122"]
[PlyCount "79"]
[EventDate "2012.??.??"]
[WhiteTeam "Eynatten 1"]
[BlackTeam "Eynatten 2"]
[WhiteTeamCountry "BEL"]
[BlackTeamCountry "BEL"]

1. e4 c6 2. d4 d5 3. Nc3 dxe4 4. Nxe4 Nf6 5. Nxf6+ exf6 6. Bc4 Bd6 7. Qe2+ Qe7
8. Qxe7+ Kxe7 9. Ne2 Be6 10. Bd3 Re8 11. Bf4 Nd7 12. O-O Rad8 13. Rfe1 Nb6 14.
Bxd6+ Kxd6 15. a3 a5 16. b3 a4 17. c4 Kc7 18. c5 Nd7 19. b4 b5 20. cxb6+ Nxb6
21. Rac1 Bg4 22. f3 Re3 23. Be4 Bd7 24. b5 Rxa3 25. Bxc6 Bxc6 26. Rxc6+ Kb7 27.
Rec1 Rb3 28. Rc7+ Kb8 29. Rxf7 Rd7 30. Rf8+ Kb7 31. Nc3 a3 32. Ne4 Na4 33. Rc4
Rb1+ 34. Kf2 Nb6 35. Nc5+ Ka7 36. Rc3 Rb2+ 37. Kg3 Nd5 38. Rxa3+ Kb6 39. Rb8+
Kc7 40. Rb7+ 1-0

[Event "Eynatten 1 - Eynatten 2"]
[Site "?"]
[Date "2012.09.23"]
[Round "1.2"]
[White "Roeder, Mathias"]
[Black "Kaufeld, Jürgen"]
[Result "1/2-1/2"]
[WhiteElo "2464"]
[BlackElo "2337"]
[PlyCount "99"]
[EventDate "2012.??.??"]
[WhiteTeam "Eynatten 1"]
[BlackTeam "Eynatten 2"]
[WhiteTeamCountry "BEL"]
[BlackTeamCountry "BEL"]

1. Nf3 Nf6 2. c4 g6 3. Nc3 d5 4. cxd5 Nxd5 5. Qa4+ Nc6 6. Ne5 Qd6 7. Nxc6 Qxc6
8. Qxc6+ bxc6 9. b3 Nxc3 10. dxc3 Bg7 11. Bb2 a5 12. O-O-O O-O 13. e3 Be6 14.
Bc4 Bxc4 15. bxc4 Rfd8 16. Rxd8+ Rxd8 17. Rd1 Rxd1+ 18. Kxd1 Be5 19. h3 Bd6 20.
a4 f5 21. c5 Bxc5 22. c4 Kf7 23. Be5 Bb6 24. Ke2 Ke6 25. f4 Kd7 26. Kd3 h5 27.
e4 e6 28. Bc3 c5 29. Bf6 c6 30. Ke3 Bd8 31. Bc3 Bc7 32. Kf3 Ke7 33. Be1 Kf7 34.
Bh4 Ke8 35. e5 Kf7 36. Kg3 Ke8 37. Bf6 Kf7 38. Kh4 Bb6 39. Kg5 Bc7 40. Kh6 Bb6
41. Bh4 Bc7 42. Bf2 Bb6 43. g4 hxg4 44. hxg4 fxg4 45. Kg5 Ba7 46. Kxg4 Bb6 47.
Bh4 Bc7 48. Bf6 Bb6 49. Kg5 Bc7 50. Kg4 1/2-1/2

[Event "Eynatten 1 - Deurne"]
[Site "?"]
[Date "2012.10.07"]
[Round "2.5"]
[White "Polaczek, Richard"]
[Black "Tolk, Peter"]
[Result "0-1"]
[WhiteElo "2426"]
[BlackElo "2153"]
[PlyCount "73"]
[EventDate "2012.??.??"]
[WhiteTeam "Eynatten 1"]
[BlackTeam "Deurne 1"]
[WhiteTeamCountry "BEL"]
[BlackTeamCountry "BEL"]

1. d4 Nf6 2. Nf3 e6 3. c4 d5 4. Nc3 Bb4 5. e3 O-O 6. a3 Bxc3+ 7. bxc3 c5 8.
cxd5 exd5 9. Bd3 Re8 10. O-O c4 11. Bb1 Nc6 12. Nd2 b5 13. Re1 Ne4 14. Nxe4
dxe4 15. a4 Qh4 16. Rf1 Na5 17. f4 Bg4 18. Qc2 Re6 19. axb5 Nb3 20. Ra6 Rae8
21. f5 Rxa6 22. bxa6 Qh5 23. Rf4 Bxf5 24. Ba2 Rb8 25. Ba3 Bg6 26. Bb4 Qd5 27.
Rf1 Rb6 28. Rb1 Bh5 29. Bxb3 cxb3 30. Qxb3 Qg5 31. Re1 Bf3 32. Qc2 Rg6 33. g3
h5 34. Bc5 h4 35. Qf2 hxg3 36. hxg3 Rh6 37. Qg2 0-1

[Event "Eynatten 1 - Deurne"]
[Site "?"]
[Date "2012.10.07"]
[Round "2.3"]
[White "Koch, Thomas"]
[Black "Penson, Thierry"]
[Result "1-0"]
[WhiteElo "2451"]
[BlackElo "2214"]
[PlyCount "72"]
[EventDate "2012.??.??"]
[WhiteTeam "Eynatten 1"]
[BlackTeam "Deurne 1"]
[WhiteTeamCountry "BEL"]
[BlackTeamCountry "BEL"]

1. d4 Nf6 2. Nf3 b5 3. Qd3 a6 4. e4 Bb7 5. e5 Nd5 6. a4 b4 7. Qb3 Qc8 8. c4
bxc3 9. bxc3 e6 10. Nbd2 Nc6 11. a5 Rb8 12. Qc2 Be7 13. Ne4 f5 14. exf6 gxf6
15. Bd2 f5 16. Ng3 Nd8 17. Be2 Nf7 18. O-O c5 19. Rfe1 O-O 20. Bd3 c4 21. Bf1
Bf6 22. Nh5 Bd8 23. Qa2 Nf6 24. Nxf6+ Bxf6 25. Qxc4 Bxf3 26. Qxc8 Rfxc8 27.
gxf3 Rb2 28. Red1 Bd8 29. Bd3 Nd6 30. Bxa6 Ra8 31. Bd3 Rxa5 32. Be1 Rb3 33. Kf1
Kf7 34. Bd2 Nb5 35. Rxa5 Bxa5 36. Bxb5 Bxc3 1-0

[Event "Eynatten 1 - Deurne"]
[Site "?"]
[Date "2012.10.07"]
[Round "2.1"]
[White "Dambacher, Martin"]
[Black "Froeyman, Helmut"]
[Result "1-0"]
[WhiteElo "2506"]
[BlackElo "2343"]
[PlyCount "51"]
[EventDate "2012.??.??"]

1. d4 f5 2. c4 Nf6 3. Nc3 e6 4. Qc2 b6 5. e3 Bb7 6. f3 c5 7. d5 Na6 8. e4 fxe4
9. fxe4 e5 10. g3 Bd6 11. Nf3 O-O 12. Bg2 Nc7 13. O-O a6 14. Bg5 Nce8 15. Bh3
Bc8 16. Rf2 Rb8 17. Raf1 b5 18. Nd1 Qa5 19. b3 bxc4 20. bxc4 Qa3 21. Bd2 Bc7
22. Ne1 Rb4 23. Nd3 Nd6 24. Nxb4 cxb4 25. c5 Nb5 26. d6 1-0

[Event "Eynatten 1 - CREC"]
[Site "?"]
[Date "2013.03.03"]
[Round "10.5"]
[White "Polaczek, Richard"]
[Black "Akhayan, Ruben"]
[Result "1-0"]
[WhiteElo "2426"]
[BlackElo "2288"]
[PlyCount "83"]
[EventDate "2013.??.??"]

1. d4 Nf6 2. Nf3 g6 3. Bg5 Bg7 4. Nbd2 O-O 5. e4 d5 6. exd5 Nxd5 7. c3 Bf5 8.
Bc4 h6 9. Bh4 c5 10. dxc5 Nf4 11. O-O Nd3 12. Bxd3 Bxd3 13. Re1 Nc6 14. Nb3 g5
15. Bg3 Bc4 16. Nfd2 Bd3 17. Nf3 Bc4 18. h4 Qxd1 19. Raxd1 g4 20. Ne5 Nxe5 21.
Bxe5 f6 22. Bg3 e5 23. Na5 Bxa2 24. Nxb7 Rab8 25. Rd7 Be6 26. Re7 Bd5 27. Nd6
Rxb2 28. Ra1 Rd8 29. Raxa7 Bf8 30. Red7 Rxd7 31. Rxd7 Rb8 32. c4 Be6 33. Rc7
Bxd6 34. cxd6 Rc8 35. Re7 Bf5 36. d7 Bxd7 37. Rxd7 h5 38. Rd5 Rxc4 39. Bxe5
fxe5 40. Rxe5 Kg7 41. Rxh5 Kf6 42. Kh2 1-0